00353pab a2200133 454500008004000000100001600040245008100056260000900137300001300146362001200159650002300171650001200194773001300206180718b2012 xxu||||| |||| 00| 0 eng d aSingh, U.B. aEradicating poverty in urban India through developing skills in mission mode c2012 ap.18-41. aJul-Sep aSkills development aPoverty aNagarlok